[Event "22nd OIBM 2018"]
[Site "Gmund am Tegernsee"]
[Date "2018.11.03"]
[Round "8"]
[White "Milov, Leonid"]
[Black "Sieglen, Joachim"]
[Result "0-1"]
[WhiteElo "2481"]
[BlackElo "2210"]
[Annotator "TA"]
[PlyCount "67"]
[EventDate "2018.10.27"]
[EventType "swiss"]
[EventCountry "GER"]
[SourceTitle "playchess.com"]
[Source "ChessBase"]
[SourceQuality "1"]

{[%evp 16,67,0,0,28,15,15,26,12,12,22,35,22,14,50,13,41,21,103,45,59,52,79,16,53,0,75,0,11,-22,-23,-50,-50,-62,0,0,0,-5,-14,-1,0,-23,0,-12,-12,-100,-50,-39,0,-20,-51,-1141,-1154,-1241]} 1. e4 e6 2. d4 d5 3. Nd2 Nf6 4. e5 Nfd7 5. c3 c5 6. Ndf3 Nc6 7. Ne2 Qb6 8. g3 cxd4 9. cxd4 {LiveBook: 13 Games} Bb4+ {C11: French: Classical System: 4 e5 and 4 Bg5 dxe4} (9... f6 10. exf6 Nxf6 11. Bg2 Bb4+ 12. Bd2 Bxd2+ 13. Qxd2 Ne4 14. Qc1 Qb5 15. Nc3 Qd3 16. Nxe4 Qxe4+ 17. Qe3 {½-½ (40) Gharamian,T (2655)-Edouard,R (2692) Saint-Quentin 2014}) 10. Nc3 f6 11. exf6 Nxf6 {Strongly threatening ...Ne4.White has an edge.} 12. Bd3 $146 ({Predecessor:} 12. Bg2 O-O 13. O-O Bd7 14. Bf4 Rac8 15. Na4 Qd8 16. a3 Be7 17. b4 b6 18. Nb2 Ne4 19. Nd3 Bd6 20. Re1 Bxf4 21. Nxf4 Qf6 {1-0 (60) Milov,L (2482)-Krohne,R (1785) Frankfurt 2007}) 12... Bd6 13. O-O O-O 14. Be3 a6 15. a3 Qd8 16. Re1 e5 (16... Bd7 $11) 17. Qb3 ({White should play} 17. dxe5 $16 Bxe5 18. Nxe5 Nxe5 19. Be2) 17... Kh8 $14 {[#] aiming for ...e4.} 18. dxe5 ({Avoid the trap} 18. Nxd5 $2 Be6 $19) 18... Bxe5 19. Bb6 (19. Nxe5 $16 Nxe5 20. Be2) 19... Qd6 20. Be2 (20. Na4 $1 $14 Nd7 21. Nxe5 Ncxe5 22. Be2) 20... Bg4 (20... Bxc3 $1 $11 21. bxc3 Ne4) 21. Rad1 (21. Nxe5 $16 Bxe2 22. Nxc6 (22. Nxe2 Nxe5 23. Bd4 Ne4 $14)) 21... Bxc3 $1 $11 22. bxc3 Rae8 23. Be3 Ne4 24. Nd4 Nxf2 (24... Ne5 $15) 25. Bxf2 Nxd4 $1 26. Bxd4 Bxe2 27. Qxb7 {[%csl Gd4][%cal Rb7g7]} Qg6 $36 {[%mdl 2048] Black has good play.} 28. Rd2 Bc4 29. Rdd1 h6 30. Qd7 (30. Rxe8 $11 Rxe8 31. Qb6) 30... Rxe1+ 31. Rxe1 Rf7 32. Qe8+ Kh7 {Hoping for ...Rf1+!} 33. Rc1 $2 {[%mdl 8192] [#]} (33. Qe5 $15) 33... Rf1+ $1 $19 {[%mdl 512]} 34. Kg2 {Precision: White = 31%, Black = 49%.} (34. Rxf1 Qxe8) 0-1

[Event "22nd OIBM 2018"]
[Site "Gmund am Tegernsee"]
[Date "2018.11.03"]
[Round "8"]
[White "Caspi, Israel"]
[Black "Leeb, Simon"]
[Result "1-0"]
[WhiteElo "2471"]
[BlackElo "2203"]
[Annotator "TA"]
[PlyCount "47"]
[EventDate "2018.10.27"]
[EventType "swiss"]
[EventCountry "GER"]
[SourceTitle "playchess.com"]
[Source "ChessBase"]
[SourceQuality "1"]

{[%evp 13,47,0,3,-5,45,55,62,60,76,79,149,147,272,265,263,254,1265,1282,1349,1341,1220,1137,1310,1330,1285,1278,1414,1368,29987,29962,29962,29962,29956,5406,29991,29992]} 1. e4 c6 2. d4 d5 3. e5 c5 4. c4 e6 5. Nf3 cxd4 6. Nxd4 {B12: Caro-Kann: Advance Variation} Bc5 7. Nb3 Bb6 {LiveBook: 3 Games} 8. Qg4 $146 {The position is equal.} ({Predecessor:} 8. Nc3 Ne7 9. Bg5 Nbc6 10. cxd5 exd5 11. Bxe7 Qxe7 12. Nxd5 Qxe5+ 13. Qe2 {0-1 (45) Nijboer,F (2492)-Van Foreest,J (2641) Hilversum 2018}) 8... Ne7 9. Qxg7 Rg8 10. Qxh7 {aiming for Nc3.} dxc4 11. Bxc4 Rxg2 {[#]} ({Better is} 11... Qc7) 12. Nc3 $1 $16 {[%cal Rc3e4] Threatens to win with Ne4.} Nbc6 (12... Qc7 $16) 13. Ne4 $18 {Nf6+ would kill now.} Nf5 14. Bf4 $40 {[%mdl 128] Hoping for Bg3. White is out for blood.} Rg4 $2 (14... Qh4 15. Nd6+ Nxd6 16. Qxh4 Bxf2+ 17. Qxf2 Rxf2 18. Kxf2 Nxc4) 15. Nf6+ Qxf6 16. exf6 Rxf4 17. Qg8+ Kd7 18. Qxf7+ Kd6 19. O-O-O+ Nfd4 20. Rhe1 Rxf2 21. Rxe6+ Bxe6 22. Qxe6+ Kc7 23. Nxd4 (23. Qf7+ $142 Kd6 24. Nxd4 Bxd4 25. Qxb7 Rd8 26. Bb5 Rxf6 27. Bxc6 Rf4 28. Ba4) 23... Nxd4 24. Qe5+ {Precision: White = 72%, Black = 12%.} 1-0

[Event "22nd OIBM 2018"]
[Site "Gmund am Tegernsee"]
[Date "2018.11.03"]
[Round "8"]
[White "Bellia, Fabrizio"]
[Black "Schoenberger, Peter"]
[Result "1-0"]
[WhiteElo "2448"]
[BlackElo "2081"]
[Annotator "TA"]
[PlyCount "117"]
[EventDate "2018.10.27"]
[EventType "swiss"]
[EventCountry "GER"]
[SourceTitle "playchess.com"]
[Source "ChessBase"]
[SourceQuality "1"]

{[%evp 17,117,14,15,12,23,17,11,9,16,7,3,7,10,0,0,0,0,0,0,-41,48,18,39,29,23,4,27,7,21,18,8,0,0,0,0,-11,-8,-10,0,0,26,13,34,-149,29,20,53,56,76,0,45,18,867,62,62,60,91,-78,6,7,6,0,52,53,54,59,58,62,132,112,156,154,152,172,182,118,165,106,103,102,95,112,347,351,1751,581,570,557,789,780,747,743,729,492,1578,550,828,771,1285,1262,1382,1297]} 1. e4 e5 2. Nf3 Nc6 3. Bc4 Bc5 4. d3 Nf6 5. O-O O-O 6. Re1 {C50: Hungarian Defence and Giuoco Pianissimo} (6. c3 d5 7. exd5 Nxd5 8. Re1 Bg4 9. Nbd2 Nb6 10. Bb5 Bd6 11. h3 Bh5 12. Ne4 Re8 13. Bg5 f6 14. Be3 a6 15. Bxc6 bxc6 16. Ng3 Bf7 17. c4 Bb4 18. Re2 Bf8 19. b3 c5 {0-1 (89) Nakamura,H (2777)-Grischuk,A (2766) Saint Louis 2018}) 6... Re8 7. c3 a5 8. a4 h6 9. h3 d6 {LiveBook: 7 Games} 10. Na3 $146 ({Predecessor:} 10. Nbd2 Be6 11. Bxe6 Rxe6 12. Nf1 d5 13. exd5 Qxd5 14. Ne3 Qd7 15. Qc2 Rd8 16. Rd1 Rd6 17. Ne1 Rxd3 18. Rxd3 {1-0 (18) Schutte,F (1759)-Miraglia Ubals,D ICCF email 2017}) 10... Bb6 11. Bb5 Bd7 12. Nc4 Ba7 13. Be3 Bxe3 14. Nxe3 Ne7 {[%cal Bc6e7,Be7g6,Bg6f4][%mdl 32]} 15. Bc4 Ng6 16. Qb3 Rf8 17. d4 exd4 18. cxd4 Nh5 (18... Nxe4 $15 19. Qc2 (19. Qxb7 Nf6 $11) 19... Re8) 19. Nd5 Nhf4 20. Nxf4 Nxf4 21. e5 dxe5 22. dxe5 Be6 23. Re4 Bxc4 24. Rxc4 Ne6 25. Qxb7 Rb8 26. Qa7 c5 27. Rc2 Rb3 28. Rd2 Qb8 29. Qxa5 Qb7 30. Ra3 $2 (30. Rd6 $1 $14 {is the one way to stay ahead.}) 30... Rxb2 $2 (30... Rb4 $1 $17 {...Ra8 is the strong threat.} 31. Rad3 Ra8 32. Rd8+ Nxd8 33. Rxd8+ Rxd8 34. Qxd8+ Kh7) 31. Qc3 Rb1+ 32. Kh2 Ra8 33. Raa2 (33. a5 $16) 33... Qe4 34. Qd3 Qf4+ 35. g3 Qb4 {[#]} 36. a5 $1 {[%mdl 512]} Rb3 (36... Rxa5 37. Rxa5) 37. Qf5 $2 {[#]} (37. Qd5 $16 {keeps the pressure on.} Ra7 38. a6) 37... g6 (37... Qb7 $1 $17 38. Ng1 (38. Rd3 c4 $17) 38... Nd4) 38. Qf6 $11 Qe4 $1 $132 {[%mdl 2048] Black is not keeping still} 39. Nh4 {Strongly threatening Rd7.} Rb1 (39... Nd4 $1 $11 40. Rd1 Ra7) 40. Qf3 $1 $14 {[%cal Rf3e4]} Qxf3 41. Nxf3 Rb5 42. a6 Ra7 ({Black should play} 42... c4 $14) 43. Rd5 Kf8 {[#]} 44. Nd2 $1 Rb6 45. Rd6 Rb4 46. f3 (46. Kg2 $18) 46... Nd4 47. Kg2 ({White should try} 47. h4 $18) 47... Nb5 $16 48. Rc6 {And now Ne4 would win.} Nc3 49. Rc2 Na4 $2 (49... Nd5 $16 50. Kf2 (50. R2xc5 Ne7 $16) 50... Ne7 51. R6xc5 Rxa6) 50. Ne4 $18 c4 $2 (50... h5 51. e6 fxe6 52. Rxe6 c4 53. Rxg6 Rb6) 51. Nf6 (51. Rc8+ $142 Kg7 52. Nf6) 51... Nb6 52. Rd2 {Intending Rd8+ and mate.} Kg7 53. g4 Ra8 54. Rdd6 Na4 55. Rc7 c3 (55... Rb2+ $142 56. Kg3 Nc3) 56. a7 (56. e6 $142 h5 57. e7 Rb2+ 58. Kg3 h4+ 59. Kxh4) 56... Rb2+ 57. Kg3 {White wants to mate with Rdd7.} Rd2 58. Ra6 Rd4 59. Ne4 {Precision: White = 48%, Black = 27%.} 1-0

[Event "22nd OIBM 2018"]
[Site "Gmund am Tegernsee"]
[Date "2018.11.03"]
[Round "8"]
[White "Carow, Johannes"]
[Black "Lindam, Ingo"]
[Result "0-1"]
[WhiteElo "2439"]
[BlackElo "2098"]
[Annotator "TA"]
[PlyCount "72"]
[EventDate "2018.10.27"]
[EventType "swiss"]
[EventCountry "GER"]
[SourceTitle "playchess.com"]
[Source "ChessBase"]
[SourceQuality "1"]

{[%evp 26,72,0,0,0,-41,0,0,15,-24,0,0,1,0,39,0,30,30,67,63,134,77,134,133,139,104,133,125,134,-58,-64,-860,-843,-881,-795,-738,-600,-587,-590,-579,-581,-980,-958,-1773,-1748,-29989,-29990,-29995,-29990]} 1. d4 Nf6 2. c4 g6 3. f3 Bg7 4. e4 d6 5. Nc3 O-O 6. Be3 c5 7. d5 e6 8. Qd2 exd5 9. cxd5 a6 10. a4 Re8 11. Nge2 {[%cal Bg1e2,Be2g3,Bg3f1][%mdl 32]} Nbd7 {A65: Modern Benoni: 6 e4} 12. Ng3 h5 {[%cal Bh7h5,Bh5h4][%mdl 32]} 13. Be2 h4 14. Nf1 {LiveBook: 12 Games} Ne5 (14... Nh7 15. Bf2 f5 16. Ne3 f4 17. Nc4 Qf6 18. g3 Bh6 19. gxh4 Ne5 20. Nxe5 Qxe5 {½-½ (37) Ponomariov,R (2714)-Gelfand,B (2743) Beijing 2014}) 15. Bf2 Nh7 16. h3 $146 ({Predecessor:} 16. Ne3 Bh6 17. Qd1 f5 18. Ra3 Rb8 19. O-O Bd7 20. exf5 gxf5 {1-0 (52) Yevseev,D (2470)-Loginov,V (2520) St Petersburg 1998}) 16... f5 {[%cal Bf7f5,Bf5f4][%mdl 32]} 17. Ne3 f4 18. Nc4 Nxc4 19. Bxc4 Be5 (19... Qg5 $5 {[%cal Rg5g2]} 20. Kf1 Qf6 $11) 20. a5 Bd7 21. O-O Ng5 {Threatening ...Bxh3.} 22. Kh1 Kg7 (22... Rb8 $14) 23. Rfc1 (23. Ne2 $142 $1) 23... Bxh3 (23... Rh8 $142) 24. gxh3 $16 {Hoping for Kg2.} Qd7 25. Bf1 {Strongly threatening Qe2.} Nxf3 26. Qd3 Ng5 {[#]} 27. Bxh4 $2 ({White should try} 27. Na4 $1 $16) 27... c4 $1 $36 {[%cal Rc4d3][%mdl 2048] White is under pressure.} 28. Qd1 $2 {[%mdl 8192] [#]} (28. Qxc4 $15 Nf3 29. Qa4 Qxa4 30. Nxa4 Nxh4 31. Rc7+ Kh6 32. Nb6) 28... Rh8 $1 $19 29. Bxg5 Rxh3+ 30. Kg1 Rg3+ 31. Kf2 Rh8 {[%cal Ba8h8,Bh8h1,Bh1h2][%mdl 32]} 32. Ke1 Rh1 {( -> ...Rxf1+)} 33. Kd2 Rh2+ 34. Ne2 Rd3+ 35. Kc2 Qb5 {[%csl Ge5][%cal Rb5b2]} 36. b4 Qxb4 {Precision: White = 26%, Black = 31%.} 0-1

[Event "22nd OIBM 2018"]
[Site "Gmund am Tegernsee"]
[Date "2018.11.03"]
[Round "8"]
[White "Pezerovic, Edin"]
[Black "Ryzhkov, Vadim"]
[Result "1-0"]
[WhiteElo "2420"]
[BlackElo "2171"]
[Annotator "TA"]
[PlyCount "61"]
[EventDate "2018.10.27"]
[EventType "swiss"]
[EventCountry "GER"]
[SourceTitle "playchess.com"]
[Source "ChessBase"]
[SourceQuality "1"]

{[%evp 23,61,-36,0,-25,21,-7,-7,-10,-3,-26,-26,-25,-20,-27,-27,-33,24,12,23,26,16,0,56,48,55,53,74,75,204,184,668,256,1064,1033,1775,1713,29990,29991,29994,29990]} 1. d4 Nf6 2. Bf4 d5 3. e3 e6 4. c3 c5 5. Nd2 Bd6 6. Bg3 Nc6 7. Ngf3 O-O 8. Bd3 b6 9. e4 {D02: 1 d4 d5 2 Nf3 sidelines, including 2...Nf6 3 g3 and 2...Nf6 3 Bf4} Be7 10. e5 Nh5 11. a3 (11. Nf1 cxd4 12. Nxd4 Nxd4 13. cxd4 g6 14. Ne3 f5 15. exf6 Bxf6 16. Be2 Nxg3 17. hxg3 {½-½ (37) Nakamura,H (2787)-Svidler,P (2760) Moscow 2018}) 11... a5 12. Qe2 g6 {LiveBook: 3 Games} 13. O-O Bb7 14. Qe3 $146 ({Predecessor:} 14. Rfd1 Ra7 15. Nf1 Qc8 16. Ne3 Ba6 {1-0 (43) Kovacevic,S (2304)-Jordan Martinez,D (2095) Mislata 2017}) 14... Ba6 15. Bxa6 Rxa6 16. Bf4 Nxf4 17. Qxf4 cxd4 18. cxd4 a4 19. h4 h5 (19... Kg7 $15) 20. g4 $11 hxg4 21. Qxg4 Kg7 22. Kg2 Rg8 (22... Rh8 $11) 23. Rac1 $14 b5 24. Qf4 Na5 25. Ng5 Qe8 (25... Rf8 $16 {was worth a try.}) 26. Rc7 $18 {Strongly threatening h5!} Nc4 $2 {[#]} (26... Rh8) 27. Ndf3 $2 (27. h5 $1 {[%mdl 512]} Bxg5 (27... gxh5 28. Kh1) 28. Qxg5) 27... Rf8 $2 (27... Rh8 28. Rc1 Rh5) 28. h5 {[%cal Bh4h5,Bh5g6][%mdl 32]} f5 29. hxg6 {Threatening mate with Rh1.} Qd8 {[#]} 30. Rh1 $1 {[%mdl 512]} Qxc7 31. Nxe6+ {Precision: White = 57%, Black = 26%.} 1-0

[Event "22nd OIBM 2018"]
[Site "Gmund am Tegernsee"]
[Date "2018.11.03"]
[Round "8"]
[White "Miller, Eduard"]
[Black "Firouzja, Alireza"]
[Result "0-1"]
[WhiteElo "2383"]
[BlackElo "2600"]
[Annotator "TA"]
[PlyCount "98"]
[EventDate "2018.10.27"]
[EventType "swiss"]
[EventCountry "GER"]
[SourceTitle "playchess.com"]
[Source "ChessBase"]
[SourceQuality "1"]

{[%evp 18,98,0,-19,-10,-13,-16,-32,-32,-29,-37,-34,-24,-30,-25,-23,-26,-27,-23,-20,-16,0,31,33,32,27,21,0,0,-69,-74,-58,-69,-28,-16,-46,-36,-34,-42,-50,-48,-99,-92,-127,-136,-144,-143,-152,-154,-165,-161,-171,-150,-165,-159,-354,-354,-353,-353,-336,-339,-366,-349,-318,-131,-768,-743,-628,-590,-937,-853,-828,-800,-1273,-1016,-1433,-1420,-1495,-1255,-1447,-1329,-29989,-29990]} 1. Nf3 c5 2. g3 Nc6 3. Bg2 e5 4. e4 Nf6 5. d3 d6 6. O-O {B30: Sicilian: 2...Nc6 3 Bb5, lines without ...g6} g6 (6... Be7 7. Nc3 O-O 8. Bg5 Be6 9. a4 h6 10. Bxf6 Bxf6 11. Nd2 g6 12. Nc4 a6 13. Nd5 Bxd5 14. exd5 Na5 15. Nd2 Bg7 16. c3 b6 {1-0 (84) Amin,B (2686)-Delgado Ramirez,N (2619) Batumi 2018}) 7. c3 Bg7 8. a3 O-O 9. b4 a6 10. Nbd2 {LiveBook: 3 Games} Be6 11. Rb1 b5 12. Bb2 Nd7 13. Ba1 $146 ({Predecessor:} 13. Ne1 cxb4 14. axb4 a5 {0-1 (44) Schreiner,M (1719)-Hoette,L (1640) GER email 2008}) 13... Nb6 14. Re1 c4 15. dxc4 bxc4 16. a4 a5 $1 {[%cal Ra5b4] Hoping for ...axb4.} 17. b5 Nb8 18. Bb2 N8d7 19. Ba3 Nc5 20. Bxc5 $1 dxc5 21. Qc2 Bh6 22. Qa2 Qf6 23. Nf1 (23. Qc2 $11) 23... Rad8 $15 24. Ne3 Rd3 25. Qa3 Rc8 26. Ra1 Bxe3 27. Rxe3 Rxe3 28. fxe3 Bg4 29. Rf1 {[#]} ({White should play} 29. Ra2 $15) 29... Qd6 $1 $17 30. h3 Bxf3 $1 31. Bxf3 Qd2 32. Rd1 Qxe3+ 33. Kg2 f5 {[%cal Bf7f5,Bf5e4,Be4e3][%mdl 32]} 34. Qc1 Qxc1 35. Rxc1 $19 {[%mdl 4096] Endgame KRB-KRN} Rd8 36. Rd1 $2 {[#]} (36. Be2 $17) 36... Rxd1 37. Bxd1 fxe4 {KB-KN} 38. Bc2 Kf7 39. Kf1 Ke6 40. Ke1 Nd5 (40... e3 $19 {has better winning chances.} 41. Ke2 Nd5) 41. Kd2 $2 {[%mdl 8192]} (41. Bxe4 $17 Nxc3 42. b6) 41... e3+ 42. Ke2 e4 43. Bxe4 Nxc3+ 44. Kxe3 Nxa4 45. Kd2 Ke5 46. Bc2 Nb6 47. Kc3 a4 {[%cal Ba5a4,Ba4a3][%mdl 32]} 48. Bb1 a3 49. Bc2 Nd5+ {Precision: White = 36%, Black = 78%.} 0-1

[Event "22nd OIBM 2018"]
[Site "Gmund am Tegernsee"]
[Date "2018.11.03"]
[Round "8"]
[White "Forchert, Martin"]
[Black "Hoppe, Thilo"]
[Result "1-0"]
[WhiteElo "2363"]
[BlackElo "2079"]
[Annotator "TA"]
[PlyCount "81"]
[EventDate "2018.10.27"]
[EventType "swiss"]
[EventCountry "GER"]
[SourceTitle "playchess.com"]
[Source "ChessBase"]
[SourceQuality "1"]

{[%evp 17,81,41,30,22,44,-42,-37,-34,-37,-46,-31,-35,-21,-59,-27,-50,-23,-80,-21,-44,-44,-119,0,-36,-12,-18,5,7,20,16,29,35,28,33,58,44,57,52,82,67,118,131,109,118,117,120,195,174,183,176,252,185,145,117,449,388,421,437,448,447,445,444,420,366,29981,29981]} 1. e4 e6 2. d4 d5 3. Nd2 Be7 4. Bd3 c5 5. dxc5 Nf6 6. Qe2 Nc6 7. Ngf3 a5 {C03: French Tarrasch: Unusual Black 3rd moves} (7... Nb4 8. O-O Nxd3 9. cxd3 Bxc5 10. Nb3 Be7 11. Bg5 h6 12. Bh4 Qb6 13. Rac1 dxe4 14. dxe4 Bd7 15. Rfd1 Bb5 16. Qc2 Bc6 17. e5 Nd5 18. Nfd4 O-O 19. Qc5 Rfe8 {½-½ (19) Svidler,P (2727)-Morozevich,A (2787) Almaty 2008}) 8. O-O O-O 9. c3 a4 {LiveBook: 5 Games. White is slightly better.} 10. e5 Nd7 11. Re1 $146 (11. b4 $1 $14) ({Predecessor:} 11. b4 axb3 12. Nxb3 Na5 13. Bf4 Nxb3 14. axb3 Rxa1 15. Rxa1 Nxc5 {½-½ (65) Benjamin,J (2577)-Shabalov,A (2601) Seattle 2000}) 11... Nxc5 $15 12. Bc2 f5 13. Nd4 Bd7 14. Rb1 Qb8 15. g3 Qd8 16. Nf1 Kh8 17. h4 {[#]} (17. Be3 $11 {keeps the balance.}) 17... Ne4 (17... a3 $1 $17 {[%mdl 512]}) 18. Bf4 Qb6 19. Nf3 {[#]} (19. Red1 $15) 19... Qd8 (19... a3 $1 $17 20. bxa3 Qa7 21. Bxe4 fxe4) 20. a3 Be8 21. Nd4 Nc5 22. Red1 Nxd4 23. cxd4 Nd7 24. Ne3 $36 {[%mdl 2048] White has the initiative.} Nb6 25. Bd3 Bc6 26. Rbc1 Qd7 27. Rc3 Rac8 28. Rdc1 Nc4 ({Better is} 28... Bd8 $14) 29. Nxc4 $16 dxc4 30. Bxc4 b5 31. Ba2 {And now d5! would win.} b4 (31... Bb7 $16 {is a better defense.}) 32. axb4 $18 Bxb4 33. R3c2 {Qa6 is the strong threat.} a3 (33... Bb7 {was necessary.} 34. Rxc8 Rxc8) 34. bxa3 Bxa3 35. Rb1 {Hoping for Qa6.} Bd5 $2 {[%mdl 8192]} (35... Be4 $16 36. Rxc8 Qxc8) 36. Rxc8 Rxc8 37. Bxd5 Qxd5 38. Qa6 Ra8 {[#] Threatens to win with ...g5.} 39. Qxa3 $1 {[%mdl 512]} g5 (39... Rxa3 40. Rb8+) 40. Qd6 {White threatens Rb8+ and mate.} Qe4 $2 (40... gxf4 $18 41. Qxd5 exd5) 41. Rb8+ {Precision: White = 48%, Black = 25%.} 1-0

[Event "22nd OIBM 2018"]
[Site "Gmund am Tegernsee"]
[Date "2018.11.03"]
[Round "8"]
[White "Slugin, Sergey"]
[Black "Reuter, Roland"]
[Result "0-1"]
[WhiteElo "2362"]
[BlackElo "1916"]
[Annotator "TA"]
[PlyCount "51"]
[EventDate "2018.10.27"]
[EventType "swiss"]
[EventCountry "GER"]
[SourceTitle "playchess.com"]
[Source "ChessBase"]
[SourceQuality "1"]

{[%evp 17,51,0,7,0,44,50,66,52,73,72,77,83,140,103,233,257,240,230,314,304,313,317,434,456,458,325,1136,1104,1151,1142,1152,1150,1033,1042,29990,29991]} 1. d4 Nf6 2. c4 e6 3. g3 d5 4. Bg2 Be7 5. Nf3 O-O 6. O-O Nbd7 7. Nc3 c6 8. Qd3 b6 9. Rd1 {E07: Closed Catalan: Main Line (5 Nf3 0-0 6 0-0 Nbd7)} (9. b3 Ba6 10. e4 Qc8 11. Bb2 Rd8 12. Rac1 Nc5 13. dxc5 dxe4 14. Qe2 exf3 15. Qxf3 Rd2 16. Na4 bxc5 17. Rcd1 Rxd1 18. Rxd1 {1-0 (27) Sarana,A (2543)-Fedoseev,V (2733) Sochi 2017}) 9... a5 {LiveBook: 5 Games} 10. e4 dxe4 $146 ({Predecessor:} 10... Ba6 11. b3 b5 12. cxb5 cxb5 13. e5 b4 14. Qc2 Rc8 15. exf6 Nxf6 16. Ne5 Rxc3 {0-1 (31) Gross,G (2316)-Vaganian,R (2623) Germany 2004}) 11. Nxe4 {White is slightly better.} Ba6 {next ...Nxe4 is good for Black.} 12. b3 Qc8 13. Nxf6+ Bxf6 14. Ng5 {[%csl Gg5][%cal Rd3h7]} g6 (14... Bxg5 $142 15. Bxg5 Bb7) 15. Qe4 $36 {[%mdl 2048] White has strong initiative.} Qd8 {[#]} (15... Bb7 $16) 16. Qh4 $1 $18 {[%csl Gg5][%cal Rh4h7]} ({But not} 16. Qxc6 $6 Rc8 $16) 16... Bxg5 17. Bxg5 ({Don't play} 17. Qxg5 $6 Bb7 $16) 17... Qc8 18. d5 cxd5 19. cxd5 e5 20. Rac1 Qb8 21. Bh6 Rd8 $2 (21... Qd8 22. Bxf8 Qxh4 23. gxh4 Rxf8) 22. d6 Ra7 {[#]} 23. Rc7 $1 {[%mdl 512]} Rxc7 24. dxc7 Qxc7 25. Qe7 {White threatens Bd5 and mate.} Be2 26. Bd5 {[%mdl 32768] Precision: White = 91%, Black = 23%. . Loss on Time!?} 0-1

[Event "22nd OIBM 2018"]
[Site "Gmund am Tegernsee"]
[Date "2018.11.03"]
[Round "8"]
[White "Bernabeu Lopez, Carlos Javier"]
[Black "Schneider, Jana"]
[Result "1/2-1/2"]
[WhiteElo "2353"]
[BlackElo "2174"]
[Annotator "TA"]
[PlyCount "133"]
[EventDate "2018.10.27"]
[EventType "swiss"]
[EventCountry "GER"]
[SourceTitle "playchess.com"]
[Source "ChessBase"]
[SourceQuality "1"]

{[%evp 21,133,0,0,0,0,0,0,-8,0,0,0,0,66,69,50,25,25,29,29,25,27,-6,-3,-2,0,0,9,-10,0,0,0,-19,0,0,-4,-29,-33,-35,0,-12,6,9,16,7,17,1,6,9,20,17,23,0,0,0,0,0,0,0,0,-14,8,6,3,1,2,0,0,0,0,0,0,0,0,0,0,0,0,0,0,0,0,0,8,8,10,8,6,8,8,0,55,22,91,89,248,270,248,155,163,0,0,0,0,0,0,0,0,0,0,0,0,-14,0,0]} 1. e4 e6 2. d4 d5 3. Nd2 c5 4. Ngf3 cxd4 5. Nxd4 Nc6 6. Bb5 Bd7 7. Nxc6 bxc6 8. Bd3 Qc7 9. Qe2 {C07: French Tarrasch: 3...c5, 4 Ngf3 and 4 exd5 Qxd5} Ne7 (9... Bd6 10. Nf3 dxe4 11. Qxe4 Nf6 12. Qh4 h6 13. Bd2 c5 14. O-O-O Rb8 15. Rhe1 Bc6 16. Bc3 Bxf3 17. gxf3 {1-0 (42) McShane,L (2644)-Howell,D (2702) Llandudno 2017}) 10. Nf3 Ng6 11. e5 c5 {LiveBook: 7 Games} 12. c3 Rb8 13. O-O Be7 14. Re1 Qb7 $146 ({Predecessor:} 14... Bc6 15. Ng5 c4 16. Bxg6 hxg6 {1-0 (39) Perez Ponsa,F (2554)-Diaz Camallonga,C (2444) Barcelona 2018}) 15. b3 Bb5 16. c4 Bd7 ({Black should play} 16... Bc6 $11) 17. cxd5 $14 exd5 18. Bg5 Bg4 {[#] Strongly threatening ...Bxg5.} 19. Bxe7 Qxe7 20. h3 Nf4 21. Qe3 Nxd3 22. Qxd3 Be6 23. Rac1 O-O 24. Qe3 Rfc8 25. Re2 d4 26. Qd3 Bd7 {aiming for ...Bb5.} 27. Rec2 a5 28. Qa6 Bf5 29. Rd2 Ra8 30. Qd6 Qxd6 31. exd6 Ra6 32. g4 Be6 33. Rdc2 Rxd6 34. Rxc5 Ra8 35. Rd1 d3 36. Rc3 Rad8 37. Rd2 {[#]} h5 $1 {[%mdl 512]} 38. Ne5 (38. gxh5 Rd5) 38... hxg4 39. hxg4 f6 40. Nc6 Ra8 41. Rdxd3 Rxd3 42. Rxd3 Bxg4 $11 {[%mdl 4096] Endgame KRB-KRN} 43. f3 Bh5 44. Kf2 Be8 45. Ne7+ Kf8 46. Nd5 Rd8 47. Ke3 Bb5 48. Rd4 Re8+ 49. Kf4 Kf7 50. Nc3 Bc6 51. Rc4 Bd7 52. Rc7 Ke6 53. Ne4 g5+ 54. Kg3 Rc8 55. Ra7 a4 ({Black should try} 55... Bc6 $11) 56. Ra6+ (56. b4 $5 {[%cal Re4c5]}) 56... Rc6 (56... Bc6 $11) 57. Rxa4 $16 f5 $2 (57... Rc1 $16 58. Ra6+ Bc6) 58. Nxg5+ $18 Kf6 59. Nh3 Rc3 60. Nf4 $2 (60. Ra5 $18) 60... Bc6 $11 {The position is equal.} 61. Rc4 Rxf3+ 62. Kh4 Be4 63. Nh5+ Ke5 64. Rc5+ Kd4 65. Rc4+ Ke5 66. Ng3 Kf4 67. Nh5+ {Precision: White = 58%, Black = 57%.} 1/2-1/2